Lieux remarquables d'Afghanistan par images - Statistiques

Statistiques générales
  • Ce quiz a été pris 4 fois
  • Le résultat moyen est 4 sur 15
Statistiques - réponses
Par images Réponse % Correct
Bouddhas de Bâmiyân
67%
Pamir
67%
Passe de Khyber
67%
Ancienne citadelle de Kandahar
33%
Bagh-e Babur ( tombe de Babur )
33%
Citadelle d'Hérat
33%
Grande Mosquée du Vendredi
33%
Lac Karakul
33%
Zoo de Kaboul
33%
Bagh-e Babur ( jardins de Babur )
0%
Band-e Amir
0%
Djâm
0%
Montagne de Chilzina
0%
Palais de Darulaman
0%
Pont de Malan
0%
Aucun quiz correspondant
Distribution des résultats
% des personnes avec chaque résultat
Percentile par nombre de réponses
Votre historique - résultats
Vous n’avez pas pris ce quiz